[Event "Ladder Tournament #2 Medium"]
[Site "SchemingMind.com"]
[Date "2007.01.23"]
[Round "-"]
[White "spoke"]
[Black "David Hartley"]
[Result "0-1"]
[WhiteCountry "GER"]
[BlackCountry "ENG"]
[WhiteElo "1720"]
[WhiteRD "56"]
[BlackElo "1853"]
[BlackRD "127"]
[GameID "88306"]

1. e4 e6 2. d4 d5 3. Nc3 Nf6 4. Bg5 Be7 5. e5 Nfd7 6. h4 c5 7. Bxe7 Kxe7 8. f4 cxd4 9. Nb5 Nc6 10. Nf3 f6
11. Nbxd4 fxe5 12. Nxc6+ bxc6 13. fxe5 Qc7 14. Qd2 h6 15. Qc3 Bb7 16. O-O-O Rac8 17. g4 Rhf8 18. g5 c5 19. Bg2 d4 20. Qa3 Bxf3
21. Bxf3 Nxe5 22. Bh5 Nc4 23. Qd3 Ne3 24. Rdg1 Qf4 25. Kb1 Qf5 26. Qxf5 Rxf5 27. Bg6 Rf2 28. gxh6 gxh6 29. Be4 Rf4 30. Rg7+ Kf6
31. Rg6+ Ke5 32. Bb7 Rb8 33. Ba6 Rf2
0-1

[Event "Ladder Tournament #2 Medium"]
[Site "SchemingMind.com"]
[Date "2007.01.24"]
[Round "-"]
[White "winkel"]
[Black "cnbcad"]
[Result "1-0"]
[WhiteCountry "DEN"]
[BlackCountry "USA"]
[WhiteElo "2133"]
[WhiteRD "83"]
[BlackElo "1479"]
[BlackRD "56"]
[GameID "88307"]

1. e4 e5 2. Nf3 Nc6 3. Bc4 h6 4. d4 d6 5. dxe5 Be6 6. Bxe6 fxe6 7. Nd4 Qh4 8. Nc3 O-O-O 9. Nxc6 bxc6 10. Be3 c5
11. Qe2 Qe7 12. Qa6+ Kd7 13. Qa4+ Kc8 14. Nb5 Rd7 15. Nxa7+ Kb7 16. Nc6
1-0

[Event "Ladder Tournament #2 Medium"]
[Site "SchemingMind.com"]
[Date "2007.01.23"]
[Round "-"]
[White "David Hartley"]
[Black "spoke"]
[Result "1/2-1/2"]
[WhiteCountry "ENG"]
[BlackCountry "GER"]
[WhiteElo "1853"]
[WhiteRD "127"]
[BlackElo "1720"]
[BlackRD "56"]
[GameID "88313"]

1. e4 e5 2. Nf3 Nc6 3. Bc4 Nf6 4. d4 exd4 5. e5 d5 6. Bb5 Ne4 7. Nxd4 Bc5 8. Be3 Bd7 9. Bxc6 bxc6 10. O-O O-O
11. f3 Ng5 12. f4 Ne4 13. Nd2 Nxd2 14. Qxd2 Qe7 15. Nb3 Bb6 16. Rae1 f6 17. Bd4 Rae8 18. Kh1 fxe5 19. Rxe5 Qf7 20. Rg5 Bxd4
21. Qxd4 Re4 22. Qc3 Qe7 23. h3 Rexf4 24. Rxf4 Rxf4 25. Qe5 Re4 26. Qg3 Bxh3 27. gxh3 Re1+ 28. Kh2 Re2+ 29. Kg1 Re1+ 30. Kh2 Re2+=
1/2-1/2

[Event "Ladder Tournament #2 Medium"]
[Site "SchemingMind.com"]
[Date "2007.01.24"]
[Round "-"]
[White "cnbcad"]
[Black "winkel"]
[Result "0-1"]
[WhiteCountry "USA"]
[BlackCountry "DEN"]
[WhiteElo "1479"]
[WhiteRD "56"]
[BlackElo "2133"]
[BlackRD "83"]
[GameID "88314"]

1. e4 e5 2. Nf3 Nf6 3. Bc4 Nxe4 4. d3 Nc6 5. dxe4 Bb4+ 6. c3 Be7 7. Bxf7+ Kxf7 8. Qd5+ Kf8 9. Nxe5 Nxe5 10. Qxe5 d6
11. Qf4+ Bf6 12. Be3 Kf7 13. O-O Rf8 14. Na3 Kg8 15. Rad1 Bh4 16. Rxd6 cxd6
0-1

[Event "Ladder Tournament #2 Medium"]
[Site "SchemingMind.com"]
[Date "2007.01.29"]
[Round "-"]
[White "Lee Shuck"]
[Black "fishofchaos"]
[Result "0-1"]
[WhiteCountry "ENG"]
[BlackCountry "ENG"]
[WhiteElo "1344"]
[WhiteRD "67"]
[BlackElo "1699"]
[BlackRD "57"]
[GameID "88453"]

1. e4 c5 2. c3 Nc6 3. d4 cxd4 4. cxd4 d5 5. Nc3 e6 6. e5 Nge7 7. Nf3 Nf5 8. Bb5 Bd7 9. O-O Be7 10. Bd2 Ncxd4
11. Qa4 Nxb5 12. Nxb5 a6 13. Ba5 b6 14. Bb4 axb5 15. Qb3 O-O 16. Rfc1 Ra4 17. Bxe7 Nxe7 18. Qd3 Bc6 19. Ng5 g6 20. b3 Ra7
21. Qh3 h5 22. a4 Nf5 23. axb5 Rxa1 24. Rxa1 Bxb5 25. f4 Qc7 26. g4 Ng7 27. gxh5 Nxh5 28. Qe3 Qc5
0-1

[Event "Ladder Tournament #2 Medium"]
[Site "SchemingMind.com"]
[Date "2007.01.29"]
[Round "-"]
[White "fishofchaos"]
[Black "Lee Shuck"]
[Result "1-0"]
[WhiteCountry "ENG"]
[BlackCountry "ENG"]
[WhiteElo "1630"]
[WhiteRD "60"]
[BlackElo "1344"]
[BlackRD "62"]
[GameID "88456"]

1. d4 Nc6 2. Nf3 d5 3. c4 Bg4 4. cxd5 Bxf3 5. gxf3 Qxd5 6. e3 e5 7. Nc3 Qa5 8. d5 O-O-O 9. Bd2 Nb4 10. e4 Bc5
11. a3 Na6 12. b4 Nxb4 13. axb4 Qb6 14. bxc5 Qxc5 15. Qb3 Nf6 16. Be3 Qe7 17. Rxa7 Kb8 18. Qxb7#
1-0

[Event "Ladder Tournament #2 Medium"]
[Site "SchemingMind.com"]
[Date "2007.01.25"]
[Round "-"]
[White "tacticrules"]
[Black "loco61"]
[Result "0-1"]
[WhiteCountry "GER"]
[BlackCountry "ENG"]
[WhiteElo "1573"]
[WhiteRD "53"]
[BlackElo "1625"]
[BlackRD "64"]
[GameID "88568"]

1. e4 e5 2. Nf3 Nc6 3. Bb5 d6 4. O-O Bd7 5. d4 Nf6 6. Re1 a6 7. Bxc6 Bxc6 8. d5 Bd7 9. c4 c6 10. Nc3 Be7
11. Bg5 h6 12. Be3 Bg4 13. h3 Bh5 14. g4 Nxg4 15. hxg4 Bxg4 16. Kh2 h5 17. Rh1 g5 18. Kg2 h4 19. Qd2 f6 20. Nh2 Qd7
21. f3 Bh5 22. Kf2 O-O-O 23. b4 f5 24. c5 f4 25. dxc6 fxe3+ 26. Qxe3 bxc6 27. cxd6 Qxd6 28. Qb6 Qd4+ 29. Qxd4 exd4
0-1

[Event "Ladder Tournament #2 Medium"]
[Site "SchemingMind.com"]
[Date "2007.01.26"]
[Round "-"]
[White "loco61"]
[Black "tacticrules"]
[Result "1-0"]
[WhiteCountry "ENG"]
[BlackCountry "GER"]
[WhiteElo "1584"]
[WhiteRD "58"]
[BlackElo "1554"]
[BlackRD "51"]
[GameID "88573"]

1. e4 c5 2. Nf3 e6 3. Bc4 Nc6 4. O-O Be7 5. c3 d5 6. exd5 exd5 7. Bb5 Qc7 8. d4 Bd7 9. Be3 cxd4 10. Nxd4 Nxd4
11. Bxd7+ Qxd7 12. Bxd4 Nf6 13. Re1 O-O 14. Nd2 Rfe8 15. Nf3 Bd6 16. Bxf6 Rxe1+ 17. Qxe1 Re8 18. Qd2 gxf6 19. Qxd5 Qc6 20. Qxc6 bxc6
21. b4 Be5 22. Rc1 Rd8 23. Kf1 Rd3 24. Nxe5 fxe5 25. Ke2 Rd6 26. a4 a6 27. Ke3 f5 28. g3 Kf7 29. c4 Ke6 30. b5 axb5
31. axb5 cxb5 32. cxb5 Kd7 33. f3 h5 34. h4 Rb6 35. Rd1+ Ke6 36. Rb1 Kd5 37. g4 fxg4 38. fxg4 hxg4 39. h5 Kc5 40. Ke4 Kd6
41. Kf5 g3 42. h6
1-0

[Event "Ladder Tournament #2 Medium"]
[Site "SchemingMind.com"]
[Date "2007.01.28"]
[Round "-"]
[White "Dread"]
[Black "Wolli"]
[Result "1-0"]
[WhiteCountry "GER"]
[BlackCountry "GER"]
[WhiteElo "2046"]
[WhiteRD "83"]
[BlackElo "1811"]
[BlackRD "86"]
[GameID "89066"]

1. e4 d6 2. d4 Nf6 3. f3 g6 4. Bc4 Bg7 5. Ne2 O-O 6. Nbc3 c6 7. O-O b5 8. Bb3 a5 9. a3 a4 10. Ba2 Bb7
11. Be3 Nbd7 12. Qd2 Nb6 13. Bh6 Nc4 14. Bxc4 bxc4 15. Bxg7 Kxg7 16. Rab1 h6 17. f4 Qa5 18. Kh1 Bc8 19. Ng3 Bg4 20. Qe3 Rab8
21. f5 e5 22. fxe6 Bxe6 23. d5 cxd5 24. Qd4 Qd8 25. exd5 Bd7 26. Nce4
1-0

[Event "Ladder Tournament #2 Medium"]
[Site "SchemingMind.com"]
[Date "2007.01.28"]
[Round "-"]
[White "whitelynx"]
[Black "Orange Lion"]
[Result "0-1"]
[WhiteCountry "BLR"]
[BlackCountry "NED"]
[WhiteElo "1723"]
[WhiteRD "153"]
[BlackElo "2243"]
[BlackRD "71"]
[GameID "89067"]

1. d4 Nf6 2. c4 e6 3. Nc3 Bb4 4. a3 Bxc3+ 5. bxc3 O-O 6. Bg5 d5 7. e3 h6 8. Bh4 g5 9. Bg3 Ne4 10. Qc2 h5
11. f3 Nd6 12. Bxd6 cxd6 13. Nh3 Qe7 14. Be2 dxc4 15. Bxc4 d5 16. Bb3 Bd7 17. O-O Nc6 18. Qd2 Na5 19. Bc2 Nc4 20. Qd3 f5
21. a4 Rac8 22. e4 Rc7 23. exd5 exd5 24. Rfe1 Qf6 25. Re2 Rfc8 26. Rae1 Na5
0-1

[Event "Ladder Tournament #2 Medium"]
[Site "SchemingMind.com"]
[Date "2007.01.28"]
[Round "-"]
[White "Wolli"]
[Black "Dread"]
[Result "0-1"]
[WhiteCountry "GER"]
[BlackCountry "GER"]
[WhiteElo "1811"]
[WhiteRD "86"]
[BlackElo "2046"]
[BlackRD "83"]
[GameID "89069"]

1. d4 Nf6 2. c4 g6 3. Nc3 Bg7 4. e4 d6 5. f3 O-O 6. Be3 Nc6 7. Nge2 e5 8. d5 Nb4 9. a3 Na6 10. b4 Nh5
11. Nc1 f5 12. Nd3 fxe4 13. Nxe4 Bf5 14. Ndf2 Nf6 15. Bg5 h6 16. Nxf6+ Bxf6 17. Bxh6 e4 18. fxe4 Bc3+ 19. Ke2 Qh4 20. Bxf8 Rxf8
21. g3 Bg4+ 22. Nxg4 Qxg4+ 23. Kd3 Rf3+ 24. Kc2 Bxa1 25. Bd3 Rf2+ 26. Kb1 Qg5 27. Qc1 Qe5 28. Re1 Bb2
0-1

[Event "Ladder Tournament #2 Medium"]
[Site "SchemingMind.com"]
[Date "2007.01.29"]
[Round "-"]
[White "Orange Lion"]
[Black "whitelynx"]
[Result "1-0"]
[WhiteCountry "NED"]
[BlackCountry "BLR"]
[WhiteElo "2266"]
[WhiteRD "72"]
[BlackElo "1645"]
[BlackRD "184"]
[GameID "89070"]

1. e4 c6 2. d4 d5 3. Nc3 dxe4 4. Nxe4 Nd7 5. Bc4 Ngf6 6. Ng5 e6 7. Qe2 Nb6 8. Bb3 h6 9. N5f3 c5 10. dxc5 Nbd7
11. Ne5 Bxc5 12. Ngf3 Nxe5 13. Nxe5 O-O 14. O-O Qc7 15. Bf4 Bd6 16. Rad1 Rd8 17. Rxd6 Qxd6 18. Nxf7 Qxf4 19. Nxd8 Bd7 20. Bxe6+ Bxe6
21. Qxe6+
1-0

[Event "Ladder Tournament #2 Medium"]
[Site "SchemingMind.com"]
[Date "2007.01.29"]
[Round "-"]
[White "snoodie05"]
[Black "mart_r3000"]
[Result "0-1"]
[WhiteCountry "USA"]
[BlackCountry "ENG"]
[WhiteElo "1347"]
[WhiteRD "81"]
[BlackElo "1361"]
[BlackRD "56"]
[GameID "89247"]

1. e4 e5 2. Nf3 d6 3. Nc3 c6 4. h3 Nf6 5. a3 Be6 6. d3 d5 7. exd5 cxd5 8. d4 e4 9. Ne5 Be7 10. Bb5+ Nfd7
11. Nxd7 Nxd7 12. Bf4 O-O 13. Qh5 Nf6 14. Qe2 a6 15. Ba4 Qb6 16. b4 Qxd4 17. Bd2 b5 18. Bb3 Rfd8 19. Rd1 a5 20. Nxb5 Qe5
21. Bc3 Qf5 22. Nd4 Qg6 23. O-O Bxh3 24. f3 Rac8 25. Kh2 Qh5 26. gxh3 Qg5 27. Bd2 Bd6+ 28. f4 Qh4 29. Qg2 h5 30. c3 Ng4+
31. Qxg4 hxg4 32. Kg2 Qxh3+ 33. Kf2 g3+ 34. Ke2 Qg4+ 35. Ke1 g2 36. Rg1 e3 37. Bxe3 Re8 38. Kf2 Rxc3 39. Rde1 g6 40. Rxg2 Qh4+
41. Kf1 Bxf4 42. Nf3 Qh1+ 43. Kf2 Bxe3+ 44. Kg3 Qh6 45. Rh2 Qf4+ 46. Kg2 Qg4+ 47. Kh1 Qxf3+ 48. Rg2 Re4 49. Bxd5 Rh4#
0-1

[Event "Ladder Tournament #2 Medium"]
[Site "SchemingMind.com"]
[Date "2007.01.29"]
[Round "-"]
[White "Gilligan"]
[Black "marble"]
[Result "1/2-1/2"]
[WhiteCountry "USA"]
[BlackCountry "ENG"]
[WhiteElo "1576"]
[WhiteRD "70"]
[BlackElo "1601"]
[BlackRD "61"]
[GameID "89248"]

1. e4 e5 2. Nf3 Nc6 3. Bc4 Bc5 4. O-O h6 5. d3 Nf6 6. Nc3 O-O 7. a3 d6 8. b4 Bb6 9. h3 a5 10. b5 Nd4
11. Be3 Bd7 12. a4 c6 13. Nh4 Nh7 14. Ng6 Re8 15. f4 Be6 16. Bxe6 Rxe6 17. f5 Rf6 18. Nh4 cxb5 19. Nd5 Bc5 20. Nxf6+ Qxf6
21. Nf3 Nxf3+ 22. Qxf3 Bb4 23. axb5 Bc3 24. Rab1 a4 25. Rfd1 Ng5 26. Qf1 a3 27. Bd2 Bd4+ 28. Kh1 a2 29. Ra1 Bxa1 30. Rxa1 Nh7
31. Bb4 Qd8 32. Qc1 Nf8 33. Qb2 Qb6 34. c4 Qe3 35. Bxd6 Qxd3 36. Bxe5 f6 37. Bxf6 gxf6 38. Rxa2 Rxa2 39. Qxa2 Qxe4 40. c5+ Kg7
41. Qf2 Qb1+ 42. Kh2 Qxb5 43. Qg3+ Kh7 44. Qd6 Nd7 45. Qe7+ Kg8 46. Qe8+ Kg7 47. Qg6+ Kf8 48. Qxh6+ Ke8 49. Qh8+ Nf8 50. Qg7 Qc6
51. h4 Qxc5 52. Qxf6 Qc7+ 53. g3 b5 54. h5 b4 55. Qd4 Qc2+ 56. Kg1 Qxf5=
1/2-1/2

[Event "Ladder Tournament #2 Medium"]
[Site "SchemingMind.com"]
[Date "2007.01.29"]
[Round "-"]
[White "mart_r3000"]
[Black "snoodie05"]
[Result "1-0"]
[WhiteCountry "ENG"]
[BlackCountry "USA"]
[WhiteElo "1361"]
[WhiteRD "56"]
[BlackElo "1347"]
[BlackRD "81"]
[GameID "89257"]

1. e4 e5 2. Nf3 Qf6 3. Bc4 Ne7 4. Nc3 c6 5. O-O h6 6. d4 exd4 7. Nxd4 b5 8. Be2 a5 9. f4 d6 10. g3 a4
11. Ndxb5 cxb5 12. Bxb5+ Bd7 13. e5 dxe5 14. Bxd7+ Nxd7 15. Qf3 Qa6 16. Nb5 Nc6 17. Nc7+ Kd8 18. Nxa6 Rxa6 19. Rd1 Nd4 20. Qd5 f6
21. Be3 Rd6 22. Qa8+ Ke7 23. Qxa4 Nb6 24. Qb4 Nd5 25. Qb7+ Rd7 26. Qa6 Nxe3 27. Qa3+ Kf7 28. Qxe3 Nf5 29. Rxd7+ Be7 30. Qb3+ Ke8
31. Qe6 g6 32. Rad1 Rf8 33. Rd8#
1-0

[Event "Ladder Tournament #2 Medium"]
[Site "SchemingMind.com"]
[Date "2007.01.30"]
[Round "-"]
[White "marble"]
[Black "Gilligan"]
[Result "1-0"]
[WhiteCountry "ENG"]
[BlackCountry "USA"]
[WhiteElo "1601"]
[WhiteRD "61"]
[BlackElo "1576"]
[BlackRD "70"]
[GameID "89258"]

1. e4 e5 2. Nf3 Nc6 3. Bc4 Nf6 4. Ng5 d5 5. exd5 Nb4 6. d6 Be6 7. dxc7 Qd7 8. Nxe6 fxe6 9. a3 Nbd5 10. Nc3 a6
11. Bb3 Bc5 12. O-O O-O 13. Nxd5 exd5 14. Qf3 e4 15. Qc3 b6 16. d3 Kh8 17. Bf4 Ng4 18. d4 Rxf4 19. dxc5 bxc5 20. h3 Nf6
21. Qxc5 Rc8 22. Rad1 Rf5 23. Qb4 Qxc7 24. Rd4 Rd8 25. c4 e3 26. fxe3 Rxf1+ 27. Kxf1 Ne4 28. Qe1 Rf8+ 29. Ke2 Qg3 30. Qxg3 Nxg3+
31. Kd3 dxc4+ 32. Bxc4 a5 33. b4 axb4 34. axb4 h6 35. b5 Nf5 36. Rf4 Rd8+ 37. Ke2 Nd6 38. Rd4 g5 39. b6 Kg7 40. Ba6 Kf6
41. b7 Ke6 42. e4 Ke5 43. Kd3 h5 44. Rd5+ Ke6 45. Kd4 Nxb7 46. Bxb7 Rb8 47. Rb5 Rd8+ 48. Bd5+ Kf6 49. Rb6+ Ke7 50. e5 Kf8
51. Rb7 Ke8 52. e6 Rc8 53. Ke5 Rd8 54. Bc6+ Kf8 55. e7+
1-0

[Event "Ladder Tournament #2 Medium"]
[Site "SchemingMind.com"]
[Date "2007.02.27"]
[Round "-"]
[White "David Hartley"]
[Black "Dread"]
[Result "0-1"]
[WhiteCountry "ENG"]
[BlackCountry "GER"]
[WhiteElo "1763"]
[WhiteRD "116"]
[BlackElo "2052"]
[BlackRD "84"]
[GameID "94194"]

1. e4 d6 2. d4 g6 3. Nc3 Bg7 4. Nf3 Nf6 5. Be2 O-O 6. O-O c5 7. Be3 Ng4 8. Qd2 Nxe3 9. Qxe3 cxd4 10. Nxd4 Nc6
11. Nxc6 bxc6 12. Nd1 f5 13. f4 fxe4 14. Qxe4 Bf5 15. Qc4+ d5 16. Qc5 Qd6 17. Qxd6 exd6 18. c3 Rae8 19. Bf3 Bd3 20. Bxd5+ cxd5
21. Rf3 Re1+ 22. Kf2 Re2+ 23. Kg3 Be4 24. Rf2 Re1 25. Rd2 g5 26. fxg5 Rff1
0-1

[Event "Ladder Tournament #2 Medium"]
[Site "SchemingMind.com"]
[Date "2007.02.27"]
[Round "-"]
[White "Dread"]
[Black "David Hartley"]
[Result "1-0"]
[WhiteCountry "GER"]
[BlackCountry "ENG"]
[WhiteElo "2052"]
[WhiteRD "84"]
[BlackElo "1763"]
[BlackRD "116"]
[GameID "94198"]

1. e4 e6 2. d4 d5 3. Nc3 Nf6 4. e5 Nfd7 5. Nf3 c5 6. Be3 Nc6 7. Bb5 Ndb8 8. Qd2 cxd4 9. Nxd4 Bd7 10. Nf3 Be7
11. O-O O-O 12. Rfe1 f6 13. exf6 Bxf6 14. Bc5 Be7 15. Bxe7 Qxe7 16. Nxd5 Qd8 17. Nf4 Qb6 18. Bc4 Nd8 19. Ng5 Re8 20. Qd3 g6
21. Nxh7 Kxh7 22. Qxg6+ Kh8 23. Re5
1-0

[Event "Ladder Tournament #2 Medium"]
[Site "SchemingMind.com"]
[Date "2007.03.11"]
[Round "-"]
[White "Orange Lion"]
[Black "mart_r3000"]
[Result "1-0"]
[WhiteCountry "NED"]
[BlackCountry "ENG"]
[WhiteElo "2243"]
[WhiteRD "71"]
[BlackElo "1354"]
[BlackRD "54"]
[GameID "95836"]

1. Nf3 d5 2. c4 d4 3. e3 Nc6 4. exd4 Nxd4 5. Nxd4 Qxd4 6. Nc3 Nf6 7. d3 Ng4 8. Qf3 Ne5 9. Qg3 Bf5 10. Nb5 Qc5
11. Be3 Nxd3+ 12. Bxd3 Qb4+ 13. Bd2 Qc5 14. Nxc7+ Kd8 15. Nxa8 e5 16. Bxf5 Bd6 17. Qxg7 Re8 18. Bg5+ Be7 19. O-O-O+ Qd4 20. Rxd4+
1-0

[Event "Ladder Tournament #2 Medium"]
[Site "SchemingMind.com"]
[Date "2007.03.11"]
[Round "-"]
[White "mart_r3000"]
[Black "Orange Lion"]
[Result "0-1"]
[WhiteCountry "ENG"]
[BlackCountry "NED"]
[WhiteElo "1354"]
[WhiteRD "54"]
[BlackElo "2243"]
[BlackRD "71"]
[GameID "95843"]

1. e4 e6 2. d4 d5 3. Bd3 dxe4 4. Bxe4 Nf6 5. Bf3 c5 6. c3 Nbd7 7. Bg5 Qb6 8. b3 cxd4 9. Ne2 dxc3 10. Nbxc3 Ne5
11. Be3 Qa5 12. O-O Nxf3+ 13. gxf3 Be7 14. a3 O-O 15. b4 Qa6 16. b5 Qa5 17. Qb3 e5 18. Rfd1 Be6 19. Qc2 Rac8 20. Rd3 Bf5
21. Qd2 Bxd3 22. Qxd3 Rfd8 23. Qb1 Rxc3 24. Nxc3 Qxc3 25. Kg2 Nd5 26. Bxa7 Nf4+ 27. Kg3 Qc8 28. Qf1 Bh4+ 29. Kxh4 Rd6
0-1

[Event "Ladder Tournament #2 Medium"]
[Site "SchemingMind.com"]
[Date "2007.03.22"]
[Round "-"]
[White "marble"]
[Black "winkel"]
[Result "0-1"]
[WhiteCountry "ENG"]
[BlackCountry "DEN"]
[WhiteElo "1605"]
[WhiteRD "57"]
[BlackElo "2117"]
[BlackRD "78"]
[GameID "97592"]

1. e4 e5 2. Nf3 Nc6 3. Bc4 Nf6 4. d4 exd4 5. O-O Nxe4 6. Re1 d5 7. Bxd5 Qxd5 8. Nc3 Qd8 9. Nxe4 Be7 10. c3 dxc3
11. Nxc3 Qxd1 12. Rxd1 Bg4 13. h3 Bxf3 14. gxf3 Bd6 15. Re1+ Kd7 16. Be3 Rhe8 17. Ne4 f5 18. Ng5 h6 19. Nf7 Bb4 20. Re2 Ke6
21. a3 Kxf7 22. axb4 Nd4 23. Kf1 Nxe2
0-1

[Event "Ladder Tournament #2 Medium"]
[Site "SchemingMind.com"]
[Date "2007.03.22"]
[Round "-"]
[White "winkel"]
[Black "marble"]
[Result "1-0"]
[WhiteCountry "DEN"]
[BlackCountry "ENG"]
[WhiteElo "2117"]
[WhiteRD "78"]
[BlackElo "1605"]
[BlackRD "57"]
[GameID "97605"]

1. e4 e5 2. Nf3 Nc6 3. Bc4 Nf6 4. O-O Bc5 5. d4 exd4 6. e5 Ng4 7. Bg5 f6 8. exf6 gxf6 9. Re1+ Be7 10. Bf4 d5
11. Bb5 O-O 12. Bxc6 bxc6 13. Qxd4 c5 14. Qd2 Kh8 15. h3 Ne5 16. Nxe5 fxe5 17. Bxe5+ Bf6 18. Qf4 Bb7 19. Nc3 Rf7 20. Rad1 d4
21. Na4 Qg8 22. Bxf6+ Rxf6 23. Qxf6+
1-0

[Event "Ladder Tournament #2 Medium"]
[Site "SchemingMind.com"]
[Date "2007.03.27"]
[Round "-"]
[White "fishofchaos"]
[Black "loco61"]
[Result "1-0"]
[WhiteCountry "ENG"]
[BlackCountry "ENG"]
[WhiteElo "1681"]
[WhiteRD "55"]
[BlackElo "1568"]
[BlackRD "58"]
[GameID "98503"]

1. d4 d5 2. c4 e5 3. dxe5 dxc4 4. Qxd8+ Kxd8 5. Nc3 Bb4 6. Bg5+ f6 7. O-O-O+ Ke8 8. exf6 Nxf6 9. e3 Bxc3 10. bxc3 b5
11. Be2 Bf5 12. Bxf6 gxf6 13. Rd5 Bd7 14. Bf3 c6 15. Rd2 a5 16. Bh5+ Ke7 17. Ne2 c5 18. Rhd1 Ra7 19. Nf4 Nc6 20. Nd5+ Ke6
21. Nb6 Rd8 22. Bg4+ f5 23. Nxd7 Rdxd7 24. Rxd7 Rxd7 25. Rxd7 Kxd7 26. Bxf5+ Ke7 27. Bxh7 b4 28. Kc2 a4 29. h4 b3+ 30. axb3 axb3+
31. Kb2 Ne5 32. f3 Kf6 33. Bg8 Kg7 34. Bd5 Kg6 35. g4 Kf6 36. h5 Kg5 37. f4+
1-0

[Event "Ladder Tournament #2 Medium"]
[Site "SchemingMind.com"]
[Date "2007.03.27"]
[Round "-"]
[White "loco61"]
[Black "fishofchaos"]
[Result "0-1"]
[WhiteCountry "ENG"]
[BlackCountry "ENG"]
[WhiteElo "1532"]
[WhiteRD "61"]
[BlackElo "1698"]
[BlackRD "58"]
[GameID "98510"]

1. e4 c5 2. Nf3 Nc6 3. Bc4 e6 4. c3 d5 5. exd5 exd5 6. Bb5 a6 7. Bxc6+ bxc6 8. O-O Nf6 9. Re1+ Be7 10. Ne5 Bb7
11. d3 O-O 12. Bf4 Nd7 13. Qe2 Re8 14. Nxd7 Qxd7 15. Nd2 Bd6 16. Qf3 Re6 17. Bxd6 Qxd6 18. Kf1 a5 19. Re2 Rae8 20. Rxe6 Qxe6
21. Qe3 Qxe3 22. fxe3 Rxe3 23. d4 cxd4 24. cxd4 Rd3 25. Nf3 h6 26. b3 Re3 27. Kf2 Re7 28. Rc1 f6 29. Rc5 a4 30. bxa4 Kf8
31. Nh4 Kf7 32. Nf5 Re6 33. a5 Kg6 34. g4 Ba6 35. Ne3 Bb5 36. a4 Ba6 37. h4 h5 38. Kf3 hxg4+ 39. Nxg4 Kh5 40. Kg3 Re4
41. Nf2 Re6 42. Nh3 Re3+ 43. Kg2 Kxh4 44. Nf4 Ra3 45. Rxc6 Bc4 46. Rc5 Kg4 47. Nxd5 Ra2+ 48. Kg1 Kg3
0-1

[Event "Ladder Tournament #2 Medium"]
[Site "SchemingMind.com"]
[Date "2007.05.22"]
[Round "-"]
[White "Dread"]
[Black "fishofchaos"]
[Result "1-0"]
[WhiteCountry "GER"]
[BlackCountry "ENG"]
[WhiteElo "2116"]
[WhiteRD "80"]
[BlackElo "1714"]
[BlackRD "63"]
[GameID "106189"]

1. f4 d5 2. Nf3 Nc6 3. e3 Nf6 4. b3 Bf5 5. Bb5 Bd7 6. Bb2 a6 7. Bxc6 Bxc6 8. O-O e6 9. Ne5 Be7 10. d3 O-O
11. Nd2 Nd7 12. Ng4 Nf6 13. Ne5 Nd7 14. Ndf3 f6 15. Ng4 b5 16. Nd4 Bb7 17. Nxe6 Qc8 18. Nxf8 Nxf8 19. Qf3 Qd7 20. Qg3 Kh8
21. f5 Rd8 22. Qh4 Qc6 23. Rac1 d4 24. Rf3 dxe3 25. Nxe3 Bc5 26. d4 Bd6 27. d5 Qc5 28. Bxf6 Bxd5 29. Bd4 Qc6 30. Qxd8 Bxf3
31. f6
1-0

[Event "Ladder Tournament #2 Medium"]
[Site "SchemingMind.com"]
[Date "2007.05.21"]
[Round "-"]
[White "fishofchaos"]
[Black "Dread"]
[Result "0-1"]
[WhiteCountry "ENG"]
[BlackCountry "GER"]
[WhiteElo "1714"]
[WhiteRD "63"]
[BlackElo "2116"]
[BlackRD "80"]
[GameID "106196"]

1. d4 Nf6 2. c4 c5 3. d5 b5 4. cxb5 a6 5. bxa6 Bxa6 6. Nc3 g6 7. Nf3 Bg7 8. g3 O-O 9. Bg2 d6 10. O-O Nbd7
11. Qc2 Qb6 12. Re1 Qb7 13. e4 Rab8 14. b3 Ng4 15. Bb2 Nge5 16. Nxe5 Nxe5 17. Na4 Nd3 18. Bxg7 Nxe1 19. Qc3 Nxg2 20. Bxf8 Rxf8
21. Kxg2 f5 22. f3 fxe4 23. fxe4 e6 24. Qd2 Qf7 25. Kg1 Qf3 26. Re1 Bf1 27. Rxf1 Qxf1#
0-1